Evolution of the vertebrates : (Record no. 129186)

MARC details
000 -LEADER
fixed length control field 00660nam a2200217 a 4500
008 - FIXED-LENGTH DATA ELEMENTS--GENERAL INFORMATION
fixed length control field
049 ## - LOCAL HOLDINGS (OCLC)
Holding library MAIN
090 ## - LOCALLY ASSIGNED LC-TYPE CALL NUMBER (OCLC); LOCAL CALL NUMBER (RLIN)
Classification number (OCLC) (R) ; Classification number, CALL (RLIN) (NR) QE841
Local cutter number (OCLC) ; Book number/undivided call number, CALL (RLIN) COL
003 - CONTROL NUMBER IDENTIFIER
control field
005 - DATE AND TIME OF LATEST TRANSACTION
control field 20230123122158.0
040 ## - CATALOGING SOURCE
Transcribing agency NUST
100 1# - MAIN ENTRY--PERSONAL NAME
Personal name Colbert, Edwin H.
245 10 - TITLE STATEMENT
Title Evolution of the vertebrates :
Remainder of title a history of the backboned animals through time /
Statement of responsibility, etc. Edwin H Colbert.
260 ## - PUBLICATION, DISTRIBUTION, ETC.
Place of publication, distribution, etc. New York :
Name of publisher, distributor, etc. John Wiley & Sons,
Date of publication, distribution, etc. 1955.
300 ## - PHYSICAL DESCRIPTION
Extent xiii, 479 p. :
Other physical details ill. ;
Dimensions 22 cm.
650 #1 - SUBJECT ADDED ENTRY--TOPICAL TERM
Topical term or geographic name entry element Vertebrates, Fossil.
650 ## - SUBJECT ADDED ENTRY--TOPICAL TERM
Topical term or geographic name entry element Vertebrates
General subdivision Evolution.
650 ## - SUBJECT ADDED ENTRY--TOPICAL TERM
Topical term or geographic name entry element Phylogeny.
907 ## - LOCAL DATA ELEMENT G, LDG (RLIN)
a .b10366374
b 18-11-15
c 18-11-15
942 ## - ADDED ENTRY ELEMENTS (KOHA)
Koha item type Ordinary Loan Books
Call number prefix QE841
Call number suffix COL
Holdings
Date last seen Total Checkouts Full call number Barcode Cost, replacement price Price effective from Koha item type Lost status Source of classification or shelving scheme Damaged status Not for loan Collection Withdrawn status Home library Current library Shelving location Date acquired Cost, normal purchase price
01/23/2023   QE841 COL 92004037579 80.00 01/23/2023 BOOKS   LCC     NFIC   MAIN MAIN GEN 01/23/2023 80.00